000 00755nam a2200205 i 4500
001 114746
003 ES-MaACL
005 20231227145138.0
007 t|
008 070322s1915 sp |||| | spa d
100 1 _aRequena Ortiz, José María.
_996306
245 1 0 _aEspaña, gran potencia /
_cpor José María Requena Ortíz ("C. Irom") ; prólogo del Excmo. Sr. D. Juan Vázquez de Mella.
260 _aMadrid :
_b[s.n.],
_c1915 (
_fImp. de El Correo Español)
300 _a72 p. ;
_c22 cm.
650 4 _aGuerra mundial, 1914-1918-
_zEspaña.
_9147989
651 4 _aEspaña-
_xRelaciones-
_zEuropa.
_9145093
700 1 _aVázquez de Mella y Fanjul, Juan,
_d1861-1928
_9113419
852 _aES-MaACL
_jT-1450-F-2
999 _c114746
_d114746